[Event "Kimry op 08"]
[Site "Kimry"]
[Date "2012.08.28"]
[Round "2"]
[White "Shidlovski, Yuri"]
[Black "Asrian, Armen"]
[Result "0-1"]
[WhiteElo "1898"]
[BlackElo "2119"]
[PlyCount "88"]
[EventDate "2012.08.28"]
[EventType "swiss"]
[EventRounds "7"]
[EventCountry "RUS"]
[SourceTitle "CBM 150 Extra"]
[Source "ChessBase"]
[SourceDate "2012.10.19"]
[SourceVersion "1"]
[SourceVersionDate "2012.10.19"]
[SourceQuality "1"]

1. d4 Nf6 2. c4 g6 3. Nc3 Bg7 4. e4 d6 5. Be2 0-0 6. Be3 Nbd7 7. Qd2 c5 8. dxc5 dxc5 9. Bh6 Bxh6 10. Qxh6 Qa5 11. 0-0-0 Ne5 12. Qf4 Qc7 13. Kb1 Qb8 14. h4 Be6 15. Nd5 Bxd5 16. exd5 Qd6 17. Nh3 h5 18. f3 a6 19. Rhg1 b5 20. cxb5 axb5 21. Bxb5 Rfb8 22. a4 Kg7 23. Rge1 Nfd7 24. Ng5 Rxb5 25. axb5 Qb8 26. Re3 Ra5 27. Rb3 c4 28. Rb4 c3 29. Rc1 cxb2 30. Rxb2 Rxb5 31. Rcc2 Rxb2+ 32. Rxb2 Qxb2+ 33. Kxb2 Nd3+ 34. Kc3 Nxf4 35. g4 Nxd5+ 36. Kd4 N5f6 37. gxh5 Nxh5 38. Ke3 Ng3 39. Kf4 Nh5+ 40. Ke3 Nb6 41. Kf2 Nc4 42. Nh3 Nd6 43. Kg2 Nf5 44. Nf2 Nxh4+ 0-1

[Event "Dmitrov op"]
[Site "Dmitrov"]
[Date "2012.07.29"]
[Round "7"]
[White "Yakushev, Vladimir Sergeevic"]
[Black "Asrian, Armen"]
[Result "0-1"]
[WhiteElo "2147"]
[BlackElo "2119"]
[PlyCount "98"]
[EventDate "2012.07.25"]
[EventType "swiss"]
[EventRounds "9"]
[EventCountry "RUS"]
[SourceTitle "CBM 149 Extra"]
[Source "ChessBase"]
[SourceDate "2012.08.24"]
[SourceVersion "1"]
[SourceVersionDate "2012.08.24"]
[SourceQuality "1"]

1. Nf3 Nf6 2. c4 g6 3. d4 Bg7 4. Nc3 0-0 5. e4 d6 6. Be2 Na6 7. 0-0 c5 8. h3 cxd4 9. Nxd4 Nc5 10. Bf3 Rb8 11. b4 Na6 12. Rb1 Be6 13. Nd5 Nd7 14. Be3 Bxd5 15. exd5 Nc7 16. Nb3 a6 17. Na5 Ne5 18. Be2 b6 19. Nc6 Nxc6 20. dxc6 b5 21. cxb5 axb5 22. a4 e6 23. Ba7 Ra8 24. axb5 Nxb5 25. Bxb5 Rxa7 26. Be2 d5 27. b5 Qb6 28. Qc2 Rfa8 29. Rfc1 Bd4 30. Bf3 Ra2 31. Qb3 Bxf2+ 32. Kh1 R2a7 33. Qb4 Be3 34. Re1 Bc5 35. Qf4 Qd8 36. Rec1 Bb6 37. Qb4 Qc7 38. Qh4 Qd6 39. g3 Ra4 40. Qg5 h6 41. Qd2 Qxg3 42. Qg2 Qd6 43. Rc2 Ra1 44. Rf1 Bc7 45. Bd1 Kg7 46. Rcf2 f5 47. Rf3 R8a2 48. R3f2 Ra3 49. Rf3 Rxf3 0-1

[Event "Dmitrov op"]
[Site "Dmitrov"]
[Date "2012.07.28"]
[Round "6"]
[White "Asrian, Armen"]
[Black "Bivol, Alina"]
[Result "0-1"]
[WhiteElo "2119"]
[BlackElo "2175"]
[PlyCount "124"]
[EventDate "2012.07.25"]
[EventType "swiss"]
[EventRounds "9"]
[EventCountry "RUS"]
[SourceTitle "CBM 149 Extra"]
[Source "ChessBase"]
[SourceDate "2012.08.24"]
[SourceVersion "1"]
[SourceVersionDate "2012.08.24"]
[SourceQuality "1"]

1. e4 e6 2. d4 d5 3. e5 c5 4. c3 Nc6 5. Nf3 Bd7 6. Be2 Rc8 7. 0-0 cxd4 8. cxd4 Nge7 9. Nc3 Ng6 10. Be3 Be7 11. Qd2 0-0 12. Rac1 f6 13. exf6 Bxf6 14. Bd3 Be8 15. Rfe1 Qd7 16. Bb1 Rd8 17. Rcd1 h6 18. Qc2 Nce7 19. b3 Nf5 20. Bc1 Qd6 21. Qe2 Bf7 22. Nb5 Qb8 23. Ba3 Rfe8 24. g4 Nfh4 25. Bxg6 Bxg6 26. Nxh4 Bxh4 27. Qe5 Qxe5 28. dxe5 a6 29. Nd6 Rf8 30. Bc5 Rf4 31. h3 Rd7 32. Be3 Rf8 33. Rc1 h5 34. g5 d4 35. Bxd4 Bxg5 36. Be3 Be7 37. Red1 h4 38. Rd4 Rfd8 39. Rcd1 Bh5 40. R1d2 Rc7 41. Kg2 Rf8 42. Rf4 Rxf4 43. Bxf4 Bg6 44. Kf3 Bh5+ 45. Kg2 Bg6 46. Be3 b5 47. Kf3 Bh5+ 48. Kg2 Bg6 49. b4 Rc3 50. Bc5 Bg5 51. Re2 Bh5 52. Re1 Bf3+ 53. Kg1 Bd2 54. Rb1 Bd5 55. Rd1 Rxh3 56. f3 Bf4 57. Nc8 Rh1+ 58. Kxh1 Bxf3+ 59. Kg1 Bxd1 60. Ne7+ Kh7 61. Nc6 Bf3 62. Nd4 Bd5 0-1

[Event "Dmitrov op"]
[Site "Dmitrov"]
[Date "2012.07.26"]
[Round "3"]
[White "Asrian, Armen"]
[Black "Dobrynina, Aleksandra"]
[Result "1-0"]
[WhiteElo "2119"]
[BlackElo "2023"]
[PlyCount "75"]
[EventDate "2012.07.25"]
[EventType "swiss"]
[EventRounds "9"]
[EventCountry "RUS"]
[SourceTitle "CBM 149 Extra"]
[Source "ChessBase"]
[SourceDate "2012.08.24"]
[SourceVersion "1"]
[SourceVersionDate "2012.08.24"]
[SourceQuality "1"]

1. e4 e6 2. d4 d5 3. e5 c5 4. c3 Nc6 5. Nf3 Bd7 6. Be2 Rc8 7. 0-0 a6 8. Be3 cxd4 9. cxd4 Nge7 10. Nc3 Nf5 11. Bd3 Nh4 12. Ng5 Be7 13. Qh5 Ng6 14. f4 Bxg5 15. fxg5 Qe7 16. Rf2 Nb4 17. Bf1 Nc6 18. a3 Na5 19. Re1 Nc4 20. Bc1 Qd8 21. Bd3 Qb6 22. Qg4 Nxa3 23. Ref1 Rf8 24. h4 Nc4 25. h5 Ngxe5 26. dxe5 Nxe5 27. Qg3 Nxd3 28. Qxd3 d4 29. Qxh7 dxc3 30. Qxg7 cxb2 31. Bxb2 Bb5 32. Bd4 Qd6 33. Re1 Rc4 34. Be5 Qb4 35. Rd1 Qb3 36. Rd8+ Kxd8 37. Qxf8+ Kd7 38. Rxf7+ 1-0

[Event "Kimry Summer op 63rd"]
[Site "Kimry"]
[Date "2012.06.08"]
[Round "2"]
[White "Asrian, Armen"]
[Black "Chernyaev, Vladimir"]
[Result "1-0"]
[WhiteElo "2115"]
[BlackElo "1747"]
[PlyCount "81"]
[EventDate "2012.06.08"]
[EventType "swiss"]
[EventRounds "7"]
[EventCountry "RUS"]
[SourceTitle "EXT 2014"]
[Source "ChessBase"]
[SourceDate "2013.11.20"]
[SourceVersion "1"]
[SourceVersionDate "2013.11.20"]
[SourceQuality "1"]

1. e4 c5 2. Nf3 d6 3. d4 cxd4 4. Nxd4 Nf6 5. Nc3 e6 6. Be3 Bd7 7. f3 Nc6 8. Qd2 Qc7 9. 0-0-0 a6 10. g4 0-0-0 11. Kb1 h6 12. Nb3 Be7 13. Na4 Kb8 14. Bb6 Qc8 15. Bxd8 Rxd8 16. Nb6 Qc7 17. Nxd7+ Qxd7 18. Nd4 d5 19. Nxc6+ Qxc6 20. e5 Nd7 21. f4 Nc5 22. Bd3 Qb6 23. Qc3 d4 24. Qc4 Qc7 25. a4 Qb6 26. h4 f6 27. exf6 gxf6 28. Rhg1 e5 29. fxe5 fxe5 30. Rde1 Bxh4 31. Rxe5 Nxd3 32. Qxd3 Bf6 33. Rf5 Rc8 34. Rgf1 Be7 35. R1f4 Rd8 36. Re4 Bb4 37. Ree5 Bc3 38. b3 Qc6 39. Qe4 Qd6 40. Re7 Qb6 41. Rff7 1-0

[Event "Kimry Summer op 63rd"]
[Site "Kimry"]
[Date "2012.06.08"]
[Round "1"]
[White "Borisova, Polina I"]
[Black "Asrian, Armen"]
[Result "0-1"]
[WhiteElo "1549"]
[BlackElo "2115"]
[PlyCount "40"]
[EventDate "2012.06.08"]
[EventType "swiss"]
[EventRounds "7"]
[EventCountry "RUS"]
[SourceTitle "EXT 2014"]
[Source "ChessBase"]
[SourceDate "2013.11.20"]
[SourceVersion "1"]
[SourceVersionDate "2013.11.20"]
[SourceQuality "1"]

1. e4 c5 2. Nf3 d6 3. d4 cxd4 4. Nxd4 Nf6 5. Nc3 a6 6. Bc4 e6 7. f3 Be7 8. Qe2 b5 9. Bd3 0-0 10. Bg5 Bb7 11. e5 dxe5 12. Qxe5 Nbd7 13. Qg3 Re8 14. Bh6 Bf8 15. Bg5 Nc5 16. 0-0-0 Nxd3+ 17. Rxd3 Qb8 18. f4 Ne4 19. Nxe4 Bxe4 20. Bf6 Bxd3 0-1

[Event "Kimry Summer op 62nd"]
[Site "Kimry"]
[Date "2012.04.17"]
[Round "7"]
[White "Asrian, Armen"]
[Black "Vetokhin, Dmitry"]
[Result "1-0"]
[WhiteElo "2094"]
[BlackElo "1935"]
[PlyCount "141"]
[EventDate "2012.04.14"]
[EventType "swiss"]
[EventRounds "8"]
[EventCountry "RUS"]
[SourceTitle "EXT 2014"]
[Source "ChessBase"]
[SourceDate "2013.11.20"]
[SourceVersion "1"]
[SourceVersionDate "2013.11.20"]
[SourceQuality "1"]

1. e4 d5 2. exd5 Qxd5 3. Nc3 Qa5 4. d4 c6 5. Nf3 Bg4 6. Bc4 e6 7. h3 Bh5 8. g4 Bg6 9. Ne5 Bd6 10. Qe2 Ne7 11. Bd2 Qb6 12. 0-0-0 Qc7 13. h4 Bxe5 14. dxe5 h6 15. h5 Bh7 16. f4 Nd7 17. Ne4 Bxe4 18. Qxe4 0-0-0 19. Bb4 c5 20. Bc3 Nb6 21. Ba5 Qc6 22. Qe2 Rxd1+ 23. Rxd1 Nxc4 24. Qxc4 b6 25. Qa6+ Kb8 26. Be1 Nd5 27. Bd2 Nc7 28. Qd3 Qd5 29. Qxd5 Nxd5 30. c4 Ne7 31. Bc3 Kc7 32. Rd6 Rd8 33. Kd2 g6 34. hxg6 Nxg6 35. Rxd8 Kxd8 36. Ke3 Ke8 37. Ke4 Ne7 38. Bd2 Kd7 39. f5 exf5+ 40. gxf5 h5 41. Bg5 Nc6 42. Bf6 Na5 43. Kd5 Nb7 44. a3 Na5 45. b4 Nb3 46. e6+ fxe6+ 47. fxe6+ Ke8 48. b5 Nd4 49. a4 Nb3 50. Bg5 Na5 51. Bh4 Nb3 52. Bg3 Nd4 53. Bb8 Ke7 54. Bxa7 Nxe6 55. Bxb6 h4 56. Ke4 Kd6 57. a5 Nd4 58. Kf4 Kd7 59. Kg4 Nb3 60. Kxh4 Nd2 61. Bxc5 Nxc4 62. Bb4 Kc7 63. Kg5 Nb6 64. Kf5 Kb7 65. Ke6 Nc8 66. Bc5 Ka8 67. Kd7 Kb7 68. Bd4 Ka8 69. b6 Na7 70. a6 Nc6 71. Kxc6 1-0

[Event "Kimry Summer op 62nd"]
[Site "Kimry"]
[Date "2012.04.14"]
[Round "2"]
[White "Asrian, Armen"]
[Black "Danilov, Alexander"]
[Result "1-0"]
[WhiteElo "2094"]
[BlackElo "1776"]
[PlyCount "73"]
[EventDate "2012.04.14"]
[EventType "swiss"]
[EventRounds "8"]
[EventCountry "RUS"]
[SourceTitle "EXT 2014"]
[Source "ChessBase"]
[SourceDate "2013.11.20"]
[SourceVersion "1"]
[SourceVersionDate "2013.11.20"]
[SourceQuality "1"]

1. e4 Nc6 2. Nf3 g6 3. d4 Bg7 4. Nc3 a6 5. Be3 d6 6. Qd2 Nf6 7. 0-0-0 0-0 8. h3 Nd7 9. g4 e6 10. h4 Qe8 11. h5 Nf6 12. hxg6 fxg6 13. Ng5 h6 14. Nxe6 Bxe6 15. d5 Bxg4 16. dxc6 bxc6 17. Bxh6 Bxd1 18. Bxg7 Kxg7 19. Qh6+ Kf7 20. Bc4+ Ke7 21. Rxd1 Kd8 22. e5 Ng8 23. Bxg8 Rxg8 24. exd6 cxd6 25. Rxd6+ Kc8 26. Qh3+ Kb8 27. Qg3 Kc8 28. Qg4+ Kb8 29. Qf4 Kb7 30. Ne4 Ka7 31. Qe3+ Kb7 32. Re6 Qf8 33. Nc5+ Kc7 34. Re7+ Qxe7 35. Qxe7+ Kb6 36. Nd7+ Kb5 37. Qc5+ 1-0

[Event "Kimry-ch 60th"]
[Site "Kimry"]
[Date "2012.01.05"]
[Round "7"]
[White "Asrian, Armen"]
[Black "Milkin, Sergey"]
[Result "0-1"]
[WhiteElo "2084"]
[BlackElo "2013"]
[PlyCount "130"]
[EventDate "2012.01.02"]
[EventType "swiss"]
[EventRounds "9"]
[EventCountry "RUS"]
[SourceTitle "CBM 146 Extra"]
[Source "ChessBase"]
[SourceDate "2012.02.29"]
[SourceVersion "1"]
[SourceVersionDate "2012.02.29"]
[SourceQuality "1"]

1. e4 c6 2. d4 d5 3. exd5 cxd5 4. Bd3 Nf6 5. c3 Bg4 6. Qb3 Qc8 7. Bf4 Nc6 8. Nd2 e6 9. Ngf3 Be7 10. 0-0 0-0 11. h3 Bxf3 12. Nxf3 Na5 13. Qc2 h6 14. Rae1 Nc4 15. Ne5 Nxe5 16. Bxe5 Qc6 17. Qe2 Nd7 18. Bf4 a6 19. Bc1 b5 20. a3 Rfe8 21. Qg4 Nf6 22. Qg3 Bd6 23. Qf3 Nd7 24. Qg4 Nf6 25. Qd1 e5 26. dxe5 Rxe5 27. Rxe5 Bxe5 28. Re1 Re8 29. Be3 Ne4 30. Qc2 Bc7 31. Kf1 f5 32. Bd4 Qd6 33. g3 Qg6 34. Bxe4 fxe4 35. Kg2 Rf8 36. Re3 Rf3 37. Qe2 Rf5 38. Qg4 Qf7 39. Qe2 Rg5 40. Qe1 h5 41. h4 Rg4 42. Qg1 Bf4 43. Re1 Bd2 44. Re2 Qf3+ 45. Kf1 Qd3 46. Be3 Bxe3 47. fxe3 Qd1+ 48. Re1 Qf3+ 49. Qf2 Rxg3 50. Qxf3 Rxf3+ 51. Kg2 Kf7 52. Re2 Ke6 53. Re1 Kf5 54. Rd1 Kg4 55. Rxd5 Kxh4 56. Re5 Rxe3 57. Kf2 Rf3+ 58. Ke2 Rf4 59. Ke3 g5 60. a4 Kg4 61. axb5 axb5 62. Rxb5 h4 63. c4 h3 64. Rb8 h2 65. Rh8 Rf3+ 0-1

[Event "Kimry-ch 60th"]
[Site "Kimry"]
[Date "2012.01.05"]
[Round "6"]
[White "Denishev, Marat"]
[Black "Asrian, Armen"]
[Result "1-0"]
[WhiteElo "2121"]
[BlackElo "2084"]
[PlyCount "51"]
[EventDate "2012.01.02"]
[EventType "swiss"]
[EventRounds "9"]
[EventCountry "RUS"]
[SourceTitle "CBM 146 Extra"]
[Source "ChessBase"]
[SourceDate "2012.02.29"]
[SourceVersion "1"]
[SourceVersionDate "2012.02.29"]
[SourceQuality "1"]

1. d4 b5 2. e4 Bb7 3. Bd3 e6 4. Nf3 a6 5. 0-0 Nf6 6. Qe2 d5 7. e5 Nfd7 8. Bf4 c5 9. c3 Nc6 10. Nbd2 Be7 11. h3 Nb6 12. dxc5 Bxc5 13. Nb3 Be7 14. Nfd4 Nc4 15. Nxc6 Bxc6 16. Nd4 Bb7 17. b3 Nb6 18. Qg4 g6 19. Be3 Nd7 20. f4 Rc8 21. Nxe6 fxe6 22. Bxg6+ hxg6 23. Qxg6+ Kf8 24. f5 exf5 25. Rxf5+ Bf6 26. exf6 1-0

[Event "Kimry-ch 60th"]
[Site "Kimry"]
[Date "2012.01.02"]
[Round "1"]
[White "Asrian, Armen"]
[Black "Vrkoch, Ludmila"]
[Result "1-0"]
[WhiteElo "2084"]
[BlackElo "1575"]
[PlyCount "41"]
[EventDate "2012.01.02"]
[EventType "swiss"]
[EventRounds "9"]
[EventCountry "RUS"]
[SourceTitle "CBM 146 Extra"]
[Source "ChessBase"]
[SourceDate "2012.02.29"]
[SourceVersion "1"]
[SourceVersionDate "2012.02.29"]
[SourceQuality "1"]

1. e4 e5 2. Nf3 Nc6 3. Nc3 Bc5 4. Bb5 Qf6 5. 0-0 Nd4 6. Nxd4 Bxd4 7. Nd5 Qd6 8. c3 c6 9. cxd4 cxb5 10. dxe5 Qxe5 11. d4 Qd6 12. Bf4 Qg6 13. Nc7+ Kf8 14. Nxa8 Nf6 15. Bd6+ Kg8 16. Rc1 h5 17. Rxc8+ Kh7 18. Rxh8+ Kxh8 19. e5 Nd5 20. Qf3 Nb4 21. Bxb4 1-0

[Event "Kimry op Jan"]
[Site "Kimry"]
[Date "2011.01.04"]
[Round "4"]
[White "Chernyaev, Vladimir"]
[Black "Asrian, Armen"]
[Result "0-1"]
[WhiteElo "1742"]
[BlackElo "2156"]
[PlyCount "56"]
[EventDate "2011.01.02"]
[EventType "swiss"]
[EventRounds "9"]
[EventCountry "RUS"]
[SourceTitle "CBM 140 Extra"]
[Source "ChessBase"]
[SourceDate "2011.03.01"]
[SourceVersion "1"]
[SourceVersionDate "2011.03.01"]
[SourceQuality "1"]

1. c4 e5 2. Nc3 Nc6 3. g3 d6 4. Bg2 g6 5. Nf3 Bg7 6. 0-0 Nf6 7. Ne1 0-0 8. Nc2 Be6 9. Nd5 Nd7 10. d3 a5 11. Rb1 Nc5 12. b3 Nd4 13. b4 axb4 14. Ncxb4 c6 15. Nc3 Qa5 16. Bd2 Qa3 17. e3 Nf5 18. Nc2 Qa7 19. Be1 Rfb8 20. f4 Na4 21. fxe5 Nxc3 22. Bxc3 dxe5 23. Qd2 Rd8 24. Bh3 Nxe3 25. Nxe3 Bxh3 26. Rfe1 Be6 27. Re2 Bxc4 28. Kg2 Bxd3 0-1

[Event "Kimry op 52nd"]
[Site "Kimry"]
[Date "2010.06.13"]
[Round "7"]
[White "Kudrin, Vladimir1111"]
[Black "Asrian, Armen"]
[Result "0-1"]
[WhiteElo "1928"]
[BlackElo "2186"]
[PlyCount "122"]
[EventDate "2010.06.10"]
[EventType "swiss"]
[EventRounds "7"]
[EventCountry "RUS"]
[SourceTitle "CBM 136 Extra"]
[Source "ChessBase"]
[SourceDate "2010.07.02"]
[SourceVersion "2"]
[SourceVersionDate "2010.07.15"]
[SourceQuality "1"]

1. Nf3 Nf6 2. b3 g6 3. Bb2 Bg7 4. h3 0-0 5. e3 d5 6. c4 c6 7. Be2 a5 8. 0-0 Na6 9. Qc1 Nc7 10. Na3 Be6 11. d3 Qc8 12. Nh2 Rd8 13. Nc2 Nce8 14. Nd4 Bd7 15. Rd1 Nd6 16. Bf1 a4 17. b4 Re8 18. c5 Nf5 19. Nxf5 Bxf5 20. Nf3 Nd7 21. Bxg7 Kxg7 22. a3 e5 23. Ne1 Be6 24. Qb2 f6 25. f4 Qc7 26. g3 b6 27. d4 exd4 28. exd4 bxc5 29. dxc5 Rab8 30. Qf2 Bf5 31. Bg2 Be4 32. Nf3 Bxf3 33. Bxf3 f5 34. Re1 Nf6 35. Qd4 Kf7 36. g4 Ne4 37. gxf5 gxf5 38. Bh5+ Ke6 39. Bxe8 Rxe8 40. Rf1 Rg8+ 41. Kh2 Rg3 42. Ra2 Qb8 43. Qa1 Qc7 44. Re2 Rd3 45. Rg2 d4 46. Qa2+ Rb3 47. Rf3 Nc3 48. Qf2 Ne4 49. Qe2 Rc3 50. Rf1 d3 51. Qa2+ Rb3 52. Qa1 Rc3 53. Qb2 Kd5 54. Kg1 Kc4 55. Qa2+ Rb3 56. Qa1 Nc3 57. Rf3 Rb1+ 58. Qxb1 Nxb1 59. Rgg3 Qd7 60. Rf1 Nxa3 61. Rc1+ Kxb4 0-1

[Event "Kimry Winter"]
[Site "Kimry"]
[Date "2010.01.24"]
[Round "4"]
[White "Kapranov, Vladimir"]
[Black "Asrian, Armen"]
[Result "1/2-1/2"]
[WhiteElo "1922"]
[BlackElo "2199"]
[PlyCount "125"]
[EventDate "2010.01.23"]
[EventType "swiss"]
[EventRounds "8"]
[EventCountry "RUS"]
[SourceTitle "EXT 2022"]
[Source "ChessBase"]
[SourceDate "2021.10.06"]
[SourceVersion "1"]
[SourceVersionDate "2021.10.06"]
[SourceQuality "1"]

1. d4 Nf6 2. c4 g6 3. Nc3 Bg7 4. e4 0-0 5. Nf3 d6 6. Be2 Nbd7 7. 0-0 c5 8. h3 cxd4 9. Nxd4 Nc5 10. Bf3 Nfd7 11. Be3 Ne5 12. Be2 Be6 13. b3 Bd7 14. Rc1 Bc6 15. Nxc6 Nxc6 16. Qd2 Qa5 17. f3 Rfe8 18. Nd5 Qxd2 19. Bxd2 Nd4 20. Kf2 Rac8 21. Be3 Nc6 22. Rfd1 b6 23. Nc3 Nb4 24. Bd4 Bf8 25. Nd5 Nc6 26. Bc3 Ne5 27. Bxe5 dxe5 28. Nc3 Bh6 29. Rc2 Red8 30. Rxd8+ Rxd8 31. Nd5 Kf8 32. Ne3 Na6 33. a3 Nc5 34. Rc3 Rd2 35. Ng4 Bg7 36. b4 Ne6 37. Rd3 Ra2 38. Ke1 Nd4 39. Kf1 Rxe2 40. Rxd4 exd4 41. Kxe2 e5 42. Kd3 Ke7 43. Nf2 Ke6 44. g4 Bf8 45. Kc2 Kf6 46. Nd3 Bd6 47. h4 h6 48. Kd2 Ke6 49. Ke2 Be7 50. h5 Bd8 51. Kf2 Kf6 52. hxg6 fxg6 53. Kg3 Kg5 54. Kh3 h5 55. Kg3 h4+ 56. Kh3 Bc7 57. Kg2 Kf6 58. Kf2 g5 59. Kg2 Ke6 60. Kf2 Kd6 61. b5 Ke6 62. a4 Bd6 63. Kg2 1/2-1/2

[Event "Kimry-ch"]
[Site "Kimry"]
[Date "2010.01.03"]
[Round "3"]
[White "Kolmakov, Pavel"]
[Black "Asrian, Armen"]
[Result "1-0"]
[WhiteElo "2185"]
[BlackElo "2199"]
[PlyCount "60"]
[EventDate "2010.01.02"]
[EventType "swiss"]
[EventRounds "9"]
[EventCountry "RUS"]
[SourceTitle "CBM 134 Extra"]
[Source "ChessBase"]
[SourceDate "2010.03.03"]
[SourceVersion "1"]
[SourceVersionDate "2010.03.03"]
[SourceQuality "1"]

1. e4 c5 2. Nf3 d6 3. d4 cxd4 4. Nxd4 Nf6 5. Nc3 g6 6. Be3 Bg7 7. f3 0-0 8. Qd2 Nc6 9. g4 Nxd4 10. Bxd4 Be6 11. 0-0-0 Rc8 12. Kb1 a6 13. h4 h5 14. gxh5 Nxh5 15. Bxg7 Kxg7 16. Rg1 Qa5 17. Rg5 Rc5 18. Qd4+ Nf6 19. b4 Rxg5 20. bxa5 Rxa5 21. f4 Rh8 22. e5 dxe5 23. Qb4 Rd5 24. Nxd5 Nxd5 25. Qb2 f6 26. fxe5 Rxh4 27. exf6+ Kf7 28. Rxd5 Bxd5 29. Qe5 Be6 30. fxe7 Kxe7 1-0

[Event "Kimry op Nov"]
[Site "Kimry"]
[Date "2009.11.29"]
[Round "8"]
[White "Asrian, Armen"]
[Black "Doronine, Vladimir"]
[Result "1-0"]
[WhiteElo "2162"]
[BlackElo "1945"]
[PlyCount "49"]
[EventDate "2009.11.21"]
[EventType "swiss"]
[EventRounds "8"]
[EventCountry "RUS"]
[SourceTitle "EXT 2011"]
[Source "ChessBase"]
[SourceDate "2010.11.26"]
[SourceVersion "1"]
[SourceVersionDate "2010.11.26"]
[SourceQuality "1"]

1. e4 d6 2. d4 Nf6 3. f3 g6 4. Be3 Bg7 5. Qd2 Nbd7 6. Nc3 0-0 7. g4 c5 8. Nge2 cxd4 9. Nxd4 Ne5 10. 0-0-0 Bd7 11. h4 Rc8 12. h5 Nc4 13. Bxc4 Rxc4 14. hxg6 fxg6 15. Nd5 Nxd5 16. exd5 Bxd4 17. Bxd4 Rxf3 18. Qh6 Rf7 19. Qxg6+ Kf8 20. Rxh7 Rxc2+ 21. Kxc2 Qc8+ 22. Kb1 Bf5+ 23. gxf5 Qxf5+ 24. Qxf5 Rxf5 25. Rc1 1-0

[Event "Kimry op Nov"]
[Site "Kimry"]
[Date "2009.11.22"]
[Round "4"]
[White "Danilov, Alexander"]
[Black "Asrian, Armen"]
[Result "0-1"]
[WhiteElo "1968"]
[BlackElo "2162"]
[PlyCount "60"]
[EventDate "2009.11.21"]
[EventType "swiss"]
[EventRounds "8"]
[EventCountry "RUS"]
[SourceTitle "EXT 2011"]
[Source "ChessBase"]
[SourceDate "2010.11.26"]
[SourceVersion "1"]
[SourceVersionDate "2010.11.26"]
[SourceQuality "1"]

1. e4 c5 2. Nf3 d6 3. d4 cxd4 4. Nxd4 Nf6 5. Nc3 g6 6. f3 Bg7 7. Be3 0-0 8. Bc4 Nc6 9. Qd2 Bd7 10. 0-0-0 Rc8 11. g4 Ne5 12. Bb3 Nc4 13. Bxc4 Rxc4 14. Bh6 Rxd4 15. Qxd4 Bxh6+ 16. Kb1 Qa5 17. h4 Bg7 18. Qe3 Be6 19. Rd4 Qc5 20. Rhd1 Nd7 21. R4d3 Qxe3 22. Rxe3 Ne5 23. Ne2 Rc8 24. c3 a6 25. b3 Nxf3 26. Nd4 Nxd4 27. cxd4 Bxg4 28. Rdd3 Bf6 29. e5 dxe5 30. dxe5 Bxh4 0-1

[Event "Kimry op Nov"]
[Site "Kimry"]
[Date "2009.11.21"]
[Round "2"]
[White "Asrian, Armen"]
[Black "Dementieva, Julia"]
[Result "1-0"]
[WhiteElo "2162"]
[BlackElo "1645"]
[PlyCount "103"]
[EventDate "2009.11.21"]
[EventType "swiss"]
[EventRounds "8"]
[EventCountry "RUS"]
[SourceTitle "EXT 2011"]
[Source "ChessBase"]
[SourceDate "2010.11.26"]
[SourceVersion "1"]
[SourceVersionDate "2010.11.26"]
[SourceQuality "1"]

1. e4 e5 2. Nf3 Nc6 3. Bb5 a6 4. Ba4 Nf6 5. 0-0 d6 6. Re1 Be7 7. h3 0-0 8. c3 Bd7 9. d4 Re8 10. Nbd2 b5 11. Bb3 Bf8 12. Ng5 Re7 13. Bxf7+ Rxf7 14. Nxf7 Kxf7 15. Nf3 Kg8 16. Qb3+ Kh8 17. Ng5 Be8 18. Ne6 Qe7 19. d5 Na5 20. Qc2 c6 21. Nxf8 Qxf8 22. dxc6 Bxc6 23. b3 Rd8 24. Ba3 Qf7 25. Rad1 Qe6 26. f3 Nb7 27. Qf2 Nh5 28. Qb6 Qd7 29. Qxa6 Qc7 30. Qa7 Qa5 31. Qxa5 Nxa5 32. Bxd6 Nb7 33. Bxe5 Re8 34. Bc7 Nf6 35. e5 Nd5 36. Bd6 Nd8 37. c4 bxc4 38. bxc4 Nc3 39. Rd2 Nf7 40. e6 Nxd6 41. Rxd6 Ba4 42. c5 Nb5 43. Ra6 Bc2 44. a4 Nc7 45. Rc6 Nd5 46. a5 Ba4 47. Rd6 Nc7 48. a6 Bb5 49. a7 Ra8 50. Rb6 Ba6 51. Rb8+ Rxb8 52. axb8Q+ 1-0

[Event "Kimry Summer op 45th"]
[Site "Kimry"]
[Date "2009.06.14"]
[Round "7"]
[White "Dementieva, Julia"]
[Black "Asrian, Armen"]
[Result "0-1"]
[WhiteElo "1666"]
[BlackElo "2189"]
[PlyCount "120"]
[EventDate "2009.06.11"]
[EventType "swiss"]
[EventRounds "8"]
[EventCountry "RUS"]
[SourceTitle "EXT 2022"]
[Source "ChessBase"]
[SourceDate "2021.10.06"]
[SourceVersion "1"]
[SourceVersionDate "2021.10.06"]
[SourceQuality "1"]

1. e4 c5 2. Nf3 d6 3. Nc3 Nf6 4. Be2 g6 5. 0-0 Bg7 6. d4 cxd4 7. Qxd4 0-0 8. Qd3 Nc6 9. Bg5 a6 10. Bxf6 Bxf6 11. Rfe1 Be6 12. Rad1 Rc8 13. a3 Qb6 14. b3 Rfd8 15. h3 Ne5 16. Qd2 Nxf3+ 17. Bxf3 Bxc3 18. Qe3 Qxe3 19. Rxe3 Be5 20. c4 b5 21. cxb5 axb5 22. b4 Rc2 23. Be2 Bc4 24. Bxc4 Rxc4 25. Re2 Ra8 26. Ra2 Rxb4 27. axb4 Rxa2 28. g3 Rb2 29. f4 Bf6 30. Re1 Rxb4 31. e5 dxe5 32. fxe5 Bg7 33. Kf2 e6 34. Ke3 Bxe5 35. g4 Bf6 36. Kd3 Rb3+ 37. Kc2 Rxh3 38. Rb1 Rc3+ 39. Kd2 Rc5 40. Kd3 h5 41. gxh5 Rxh5 42. Ke4 Rd5 43. Kf3 Bd4 44. Kg3 f5 45. Kf4 Kg7 46. Kg3 g5 47. Kf3 e5 48. Kg3 Kf6 49. Kf3 g4+ 50. Kg3 Kg5 51. Kh2 f4 52. Kg2 e4 53. Re1 e3 54. Kf1 f3 55. Rc1 g3 56. Ke1 g2 57. Kd1 Bb2+ 58. Kc2 Rd2+ 59. Kb1 Bxc1 60. Kxc1 g1Q# 0-1